000
00273nam a22001337a 4500
008
170727b xxu||||| |||| 00| 0 eng d
020
_a
0387901442
041
_a
eng
080
_a
004
100
_a
29
101
_a
SHKI
245
_a
PASCAL
_c
JENSEN, K
942
_2
udc
_c
BK
999
_c
22005
_d
22005